| Tag |
First Indicator |
Second Indicator |
Subfields |
| LEADER |
00000cam a2200000 4500 |
| 001 |
in00000043320 |
| 005 |
20151007072751.0 |
| 008 |
750228s1930 mauf 00010 eng u |
| 010 |
|
|
|a 30009101
|
| 035 |
|
|
|a (OCoLC)01193990
|
| 035 |
|
|
|9 AAE8518AM
|
| 040 |
|
|
|c HEI
|d TXA
|d UtOrBLW
|
| 049 |
|
|
|a TXAM
|c [130236]
|
| 050 |
|
0 |
|a SD383
|b .W5
|
| 092 |
|
|
|a 582.16
|b W747a
|
| 100 |
1 |
|
|a Wilson, Ernest Henry,
|d 1876-1930.
|
| 245 |
1 |
0 |
|a Aristocrats of the trees /
|c by Ernest H. Wilson. with frontispiece and sixty-six illustrations.
|
| 264 |
|
1 |
|a Boston, Mass. :
|b Stratsford,
|c [1930]
|
| 264 |
|
4 |
|c [©1930]
|
| 300 |
|
|
|a 3 pages ., v-xxi, 279 pages :
|b frontispiece, LXVI plate ;
|c 31 cm.
|
| 336 |
|
|
|a text
|b txt
|2 rdacontent
|
| 337 |
|
|
|a unmediated
|b n
|2 rdamedia
|
| 338 |
|
|
|a volume
|b nc
|2 rdacarrier
|
| 500 |
|
|
|a Title within ornamental border.
|
| 650 |
|
0 |
|a Trees.
|
| 999 |
|
|
|a MARS
|
| 999 |
f |
f |
|s f64caf8c-0921-39ed-9abc-09abbd943b4d
|i 97b24079-d103-3f66-b8f5-b8674f4cf575
|t 0
|
| 952 |
f |
f |
|p ric
|a Texas A&M University
|b Rellis Campus
|c Joint Library Facility
|d Remote Storage
|t 0
|e SD383 .W5
|h Library of Congress classification
|i unmediated -- volume
|m A14800995731
|
| 998 |
f |
f |
|a SD383 .W5
|t 0
|l Remote Storage
|